Państwa z największą gęstością zaludnienia - Statystyki

Ogólne statystyki
  • Ten quiz został rozwiązany 219 razy
    11 od ostatniego zresetowania
  • Średni wynik to 8 z 20
Statystyki odpowiedzi
Gęstość zaludnienia os./km2 Państwo % Poprawnych
488 Indie
75%
19 000 Monako
75%
560 San Marino
75%
1 800 Watykan
75%
8 120 Singapur
63%
2 034 Bahrajn
50%
1 333 Bangladesz
50%
541 Holandia
50%
1 686 Malta
50%
1 759 Malediwy
38%
547 Burundi
25%
434 Izrael
25%
466 Komory
25%
530 Korea Południowa
25%
568 Liban
25%
637 Mauritius
25%
578 Rwanda
25%
656 Tajwan
25%
657 Barbados
13%
597 Nauru
13%
Nie znaleziono quizów pasujących do podanych kryteriów
Rozkład punktacji
Procent ludzi z każdym wynikiem
Percentyl według liczby udzielonych odpowiedzi
Twoja historia wyników
Nie rozwiązałeś tego quizu od ostatniego zresetowania